| 000 | 00357nam a2200121Ia 4500 | ||
|---|---|---|---|
| 008 | 210430s9999 xx 000 0 und d | ||
| 082 | _a621.4835 A2442 A | ||
| 100 |
_aG.A.Greene _952818 |
||
| 245 |
_aAdvances in Heat Tranfer in Nuclear Reactor Safety Vol 29 _cG.A.Greene |
||
| 260 |
_aSan Diego _bAcademic Press _c1997 |
||
| 300 | _a356p. | ||
| 942 |
_cBK _2ddc |
||
| 999 |
_c562278 _d562278 |
||